• 首页
  • 本馆介绍
  • 公告通知
  • 最新文献
  • 馆藏检索
  • 电子资源
  • 读者导购
  • 参考咨询
  • 我的图书馆
  • 登录
  • 详细信息显示
  • 放入我的书架
  • 预约/预借图书
  • 作者相关作品
  • 分类相关作品
  • 丛书相关作品
  • 出版社相关作品

书目信息

  • 表格格式
  • 工作单格式
  • 卡片格式
题名:
义务教育体育与健康课程标准
    
 
作者: ;教育部 制定
分册:  
出版信息: 北京   北京师范大学出版社  2022
页数: 141页
开本: 26cm
丛书名:
单 册:
中图分类: G633.963 , G632.3
科图分类:
主题词: 体育课--课程标准--中小学 , 健康教育--课程标准--中小学
电子资源:
ISBN: 978-7-303-27653-0
000 00862nam0 2200253 450
001 012024000943
005 20241120093348.22
010    @a978-7-303-27653-0@dCNY25.00
100    @a20241119d2022 em y0chiy50 ea
101 0  @achi
102    @aCN@b110000
105    @ak z 000yy
106    @ar
200 1  @a义务教育体育与健康课程标准@Ayi wu jiao yu ti yu yu jian kang ke cheng biao zhun@e2022年版@f中华人民共和国教育部制定
210    @a北京@c北京师范大学出版社@d2022
215    @a141页@d26cm
330    @a本书共分七部分,内容包括:课程性质、课程理念、课程目标、课程内容、学业质量、课程实施。
606 0  @a体育课@x课程标准@x中小学
606 0  @a健康教育@x课程标准@x中小学
690    @aG633.963@v5
690    @aG632.3@v4
711 02 @a教育部@Ajiao yu bu@4制定
801  0 @aCN@bAHXH@c20241119
905    @b214173981@b214173990@b214174007@dG632.3@e1580@f3
    
    义务教育体育与健康课程标准:2022年版/中华人民共和国教育部制定.-北京:北京师范大学出版社,2022
    141页;26cm
    
    
    ISBN 978-7-303-27653-0:CNY25.00
    本书共分七部分,内容包括:课程性质、课程理念、课程目标、课程内容、学业质量、课程实施。
●
相关链接 在E读中查询图书 在五车中查询图书 在当当中查询图书 在豆瓣中查询图书


正题名:义务教育体育与健康课程标准     索取号:G632.3/1580         预约/预借

序号 登录号 条形码 馆藏地/架位号 状态 备注
1 1417398   214173981   第一样本阅览室/ [索取号:G632.3/1580] 在馆    
2 1417399   214173990   第四借阅区/ [索取号:G632.3/1580] 在馆    
3 1417400   214174007   第四借阅区/ [索取号:G632.3/1580] 在馆    
唐山师范学院图书馆 欢迎您!
大连网信软件有限公司© 版权所有